000 00644nam a2200241Ia 4500
003 OSt
005 20220928132615.0
006 a|||||r|||| 00| 0
007 ta
008 220927b |||||||| |||| 00| 0 eng d
024 _a114567
037 _cTextual
040 _aSDCL
_cSDCL
_beng
041 _2eng
_aeng
082 _aD6512 :4, P8
100 _aGrout Ian
_9482427
245 0 _aDigital systems design with FPGAs and CPLDs.
260 _aOxford
_bNewnes
_c2008
300 _axxxvii,724p.
_ccm.
650 _aDigital Systems
_9431511
942 _hD6512 :4, P8
_cTEXL
_2CC
999 _c795137
_d795137